Statistics for Colors To Country

Click here to take the quiz!

General Stats

  • This quiz has been taken 46 times
    (32 since last reset)
  • The average score is 7 of 15

Answer Stats

ColorsCountry% Correct
β¬œπŸ”΄Japan
78%
πŸŸ₯⬜🟦USA | UK | Russia | France | Netherlands
78%
πŸŸ₯⬜Turkey | Tunisia | Indonesia | Monaco | Poland
63%
πŸŸ©πŸ”΄Bangladesh
59%
🟦🟨πŸŸ₯Chad | Romania | Andorra
56%
πŸŸ§β¬œπŸŸ©πŸ”΅India
56%
πŸŸ₯β¬œπŸŸ©πŸŸ¨β¬›πŸŸ¦South Africa
56%
πŸŸ₯🟨China | Vietnam | Kyrgyzstan
52%
πŸŸ₯⬛Albania
33%
🟦⬜🟦Nicaragua
33%
⬜🟩πŸŸ₯Bulgaria
26%
🟩⬜️Saudi Arabia
26%
🟩🟨🟦⬜Brazil
22%
🟦⬜️🟨Argentina
19%
🟩πŸŸ₯🟨Portugal
15%

Score Distribution

Percentile by Number Answered

Percent of People with Each Score

Your Score History

You have not taken this quiz since the last reset